Miasta położone nad Sanem z mapą - Statystyki

Ogólne statystyki
  • Ten quiz został rozwiązany 689 razy
    681 od ostatniego zresetowania
  • Średni wynik to 7 z 14
Odpowiedzi na mapie
Odpowiedzi zakodowano w zielono-czerwonej skali na mapie do tego quizu, zgodnie z poniższymi procentami.
 
Statystyki odpowiedzi
Miasto Liczba ludności % Poprawnych
Przemyśl 59 779
93%
Sanok 36 999
84%
Stalowa Wola 59 623
73%
Jarosław 37 073
68%
Lesko 5 406
56%
Nisko 15 193
55%
Leżajsk 13 585
50%
Zagórz 5 093
39%
Rudnik nad Sanem 6 677
34%
Dynów 6 063
29%
Radymno 5 214
28%
Dubiecko 871
20%
Ulanów 1 427
20%
Sieniawa 2 132
18%
Nie znaleziono quizów pasujących do podanych kryteriów
Rozkład punktacji
Procent ludzi z każdym wynikiem
Percentyl według liczby udzielonych odpowiedzi
Twoja historia wyników
Nie rozwiązałeś tego quizu od ostatniego zresetowania